000 02414nam a2200625 i 4500
001 40674
003 KOSZ 005
005 20221012150358.0
008 010123s2000 pl a |000 0 pol
015 _aUWD 2001/12566
020 _a8387745707
035 _a991015570369705066
035 _a(PL-WaBN)b14183791-48omnis_nlop
035 _ab14183791
035 _a(OCoLC)830214180
035 _a(PL)b0000001418379
035 _a(EXLNZ-48OMNIS_NETWORK)9910017284305606
040 _aWA N
_cWA N
_dKOSZ 005/HR
041 0 _apol
_beng
_brus
046 _k2000
080 _a669.1
080 _a669.017/.018
080 _a620.17
080 _a539.4
080 _a662.1/.4
100 1 _aStradomski, Zbigniew
_eAutor
245 1 0 _aMikrostrukturalne aspekty wybuchowego umacniania staliwa Hadfielda /
_cZbigniew Stradomski.
260 _aCzęstochowa :
_bWydawnictwo WMiIM PC,
_c2000.
300 _a133 s. :
_bil. (w tym kolor.) ;
_c24 cm.
336 _aTekst
_btxt
_2rdacontent
337 _aBez urządzenia pośredniczącego
_bn
_2rdamedia
338 _aWolumin
_bnc
_2rdacarrier
380 _aKsiążki
388 _a1901-2000
388 _a1989-2000
490 1 _aInżynieria Materiałowa / Politechnika Częstochowska. Wydział Metalurgii i Inżynierii Materiałowej ;
_vnr 2
490 1 _aPrace Naukowe Wydziału Metalurgii i Inżynierii Materiałowej / Politechnika Częstochowska
500 _aNa s. tyt. odmienny tyt. serii: Prace Naukowe.
504 _aBibliogr.
546 _aStreszcz. ang., ros.
650 7 _aMateriały wybuchowe
_2DBN
650 7 _aMikrostruktura
650 7 _aMetalurgia
650 7 _aStaliwo
_2DBN
650 7 _aStopy (materiałoznawstwo)
_2DBN
650 7 _aWybuch
_2DBN
650 7 _aWytrzymałość materiałów
_2DBN
658 _aInżynieria i technika
710 2 _aWydawnictwo Wydziału Metalurgii i Inżynierii Materiałowej (Politechnika Częstochowska)
_4pbl
830 0 _aInżynieria Materiałowa - Politechnika Częstochowska. Wydział Metalurgii i Inżynierii Materiałowej
_vnr 2
830 0 _aPrace Naukowe Wydziału Metalurgii i Inżynierii Materiałowej - Politechnika Częstochowska
856 _uhttp://koha.tu.koszalin.pl/cgi-bin/koha/opac-detail.pl?biblionumber=40674
_yKatalog online BPK
942 _2UKD
_cKS
999 _c40674
_d40674